000
00318nam a2200145Ia 4500
100
_a
Satish kumar
942
_c
BK
654
_a
neural networks
245
_a
Neural netwoarks:A Classroom approach
260
_b
Tata Mc Graw hill
_c
2004
082
_a
4.65
_b
SAT
300
_a
736
546
_a
ENGLISH
999
_c
21932
_d
21932